00642nam a2200181 i 450000100060000000300090000600500170001500700030003200800410003510000210007624501540009726000590025130000350031065000300034570000220037570000420039785200210043980579ES-MaACL20250806053932.0t|041028s1953 sp a |||| | spa d1 aHoff, Ferdinand.10aModernos aspectos de la medicina clínica / cpor Ferdinand Hoff ; traducción del alemán por N. Lloret Barber y José Mª Masriera y Sagalés. aBarcelona : bCientífico-Médica, c1953 (fDelriu) aVII, 428 p. : bil. ; c25 cm.07aMedicina clínica2embne1 aLloret Barber, N.1 aMasriera y Sagalés, José María. aES-MaACLjD-6622